LDR 01167naa#a2200205#i#450# 001 RU\\bibl\121392 005 20260428111659.2 011 ## _a1994-4683 100 ## _a20230531b2023####ek#y0rusy0150####ca 102 ## _aRU 200 1# _aВЛИЯНИЕ КОЛИЧЕСТВЕННЫХ И КАЧЕСТВЕННЫХ ПОКАЗАТЕЛЕЙ ПРЕОДОЛЕНИЯ ОТДЕЛЬНЫХ УЧАСТКОВ ЕДИНОЙ ПОЛОСЫ ПРЕПЯТСТВИЙ НА ОЦЕНКУ В ОБЩЕМ КОНТРОЛЬНОМ УПРАЖНЕНИИ _eЖурнальная статья 210 1# _aМосква _cНациональный государственный Университет физической культуры, спорта и здоровья им. П.Ф. Лесгафта _d2023 215 ## _a5 с. 608 ## _aЖурнальная статья _2local 675 ## _aФилософские и научно-теоретические основы физической культуры и спорта. 796.011 _z 700 #1 _aАстафьев _gК А 700 #1 _aБочков _gА В 700 #1 _aПарамзин _gВ Б 700 #1 _aРазновская _gС В 856 4# _auchzapiski.lesgaft.spb.ru _u